Pokémon on H - Statistics

General Stats
  • This quiz has been taken 4 times
  • The average score is 29 of 34
Answer Stats
Picture Answer % Correct
Happiny
100%
Hariyama
100%
Haunter
100%
Hawlucha
100%
Haxorus
100%
Heatmor
100%
Heatran
100%
Heliolisk
100%
Helioptile
100%
Heracross
100%
Herdier
100%
Hippowdon
100%
Hitmonchan
100%
Hitmonlee
100%
Hitmontop
100%
Honchkrow
100%
Ho-Oh
100%
Hoopa
100%
Hoothoot
100%
Horsea
100%
Houndoom
100%
Houndour
100%
Hydreigon
100%
Hypno
100%
Hakamo-o
67%
Hatenna
67%
Honedge
67%
Hoppip
67%
Huntail
67%
Hydrapple
67%
Hatterene
33%
Hattrem
33%
Hippopotas
33%
Houndstone
33%
No matching quizzes found
Score Distribution
Percent of People with Each Score
Percentile by Number Answered
Your Score History
You have not taken this quiz